LEADER 01044cam0-22003371i-450- 001 990004596490403321 005 20100629150849.0 010 $a3-11-001898-5 035 $a000459649 035 $aFED01000459649 035 $a(Aleph)000459649FED01 035 $a000459649 100 $a19990604d1971----km-y0itay50------ba 101 0 $agrc$aeng 102 $aDE 105 $ay-------001yy 200 1 $a<>anthology of byzantine prose$fNigel G. Wilson 210 $aBerlin ; New York$cWalter De Gruyter$d1971 215 $a154 p.$d20 cm 225 1 $aKleine Texte für Vorlesungen und Übungen$v189 610 0 $aProsatori bizantini$aAntologie 676 $a880.02 700 1$aWilson,$bNigel Guy$0153481 801 0$aIT$bUNINA$gRICA$2UNIMARC 901 $aBK 912 $a990004596490403321 952 $aP2B-630-A.B.P.-300A-1971$bBibl. 46396$fFLFBC$mB10-19161 952 $aP2B-630-A.B.P.-300A-1971 bis$bIst.Fil.cl. 1522$fFLFBC$mB10-19162 959 $aFLFBC 996 $aAnthology of byzantine prose$9550428 997 $aUNINA LEADER 01222nas a2200289 a 4500 001 991004233402407536 005 20250512083804.0 008 991213c19929999vauqr p 0 a0eng c 010 $a 2001212736 022 $a1061-8600 040 $aBibl. Dip.le Aggr. Scienze Economia - Sez. Settore Economico 082 04$a519 222 0$aJournal of computational and graphical statistics 245 00$aJournal of computational and graphical statistics /$cAmerican statistical association, Institute of mathematical statistics, Interface foundation of North America 246 13$aJCGS 264 1$aAlexandria (VA) :$bAmerican statistical association,$c1992- 310 $aTrimestrale 362 0 $aVol. 1, n.1 (1992)- 591 $aCodice CNR: P 00227064 592 $aLE025 1995-1997; Lac. 1995-1997; 710 2 $aAmerican statistical association$eauthor$4http://id.loc.gov/vocabulary/relators/aut$0102688 710 2 $aInstitute of mathematical statistics$eauthor$4http://id.loc.gov/vocabulary/relators/aut$0105211 710 2 $aInterface foundation of North America 776 0 $x1537-2715 912 $a991004233402407536 996 $aJournal of computational and graphical statistics$94378538 997 $aUNISALENTO